Französische Torschützen bei der Fußball-Europameisterschaft 2020 - Statistiken

Allgemein
  • Dieses Quiz wurde 30 mal gespielt
  • Das Durchschnittsergebnis liegt bei 5 aus 6
Antwortstatistiken
Spiel Minute Torschütze % Korrekt
Portugal - Frankreich 2-2 45+2' Karim Benzema
85%
Portugal - Frankreich 2-2 47' Karim Benzema
85%
Frankreich - Schweiz 3-3 n. V. (4-5 i. E.) 57' Karim Benzema
85%
Frankreich - Schweiz 3-3 n. V. (4-5 i. E.) 59' Karim Benzema
85%
Ungarn - Frankreich 1-1 66' Antoine Griezmann
81%
Frankreich - Schweiz 3-3 n. V. (4-5 i. E.) 75' Paul Pogba
69%
Keine übereinstimmenden Quizze gefunden
Verteilung der Resultate
Anzahl Personen mit jedem Resultat
Perzentil nach korrekt beantworteten Fragen
Ihre Resultats-Entwicklung
Sie haben dieses Quiz noch nicht gespielt